[Event "NOR-chT Clubs"]
[Site "Drammen"]
[Date "2010.10.10"]
[Round "6"]
[White "Eriksen, Geir Arne"]
[Black "Skjold, Reidar"]
[Result "1/2-1/2"]
[WhiteElo "1248"]
[BlackElo "1490"]
[PlyCount "88"]
[EventDate "2010.10.08"]
[EventType "team"]
[EventRounds "6"]
[EventCountry "NOR"]
[SourceTitle "EXT 2015"]
[Source "ChessBase"]
[SourceDate "2014.11.20"]
[SourceVersion "1"]
[SourceVersionDate "2014.11.20"]
[SourceQuality "1"]
[WhiteTeam "Fredriksstad"]
[BlackTeam "Drammen Tempo"]
[WhiteTeamCountry "NOR"]
[BlackTeamCountry "NOR"]

1. d4 d5 2. c4 dxc4 3. e4 e5 4. d5 Nf6 5. Nc3 Nbd7 6. Bxc4 Bb4 7. Bg5 h6 8. Bxf6 Bxc3+ 9. bxc3 Nxf6 10. Bd3 0-0 11. Nf3 Bg4 12. 0-0 Qd6 13. h3 Bxf3 14. Qxf3 Rad8 15. Bc4 Qc5 16. Bb3 a5 17. Rfe1 Rd6 18. Rac1 Qa3 19. c4 a4 20. c5 Rdd8 21. Bc4 Qxc5 22. Qe3 Qb4 23. Qg3 Qd6 24. Rb1 b6 25. Bb5 Ra8 26. Bc6 Ra5 27. Qd3 Nd7 28. Bxd7 Qxd7 29. Qg3 Qd6 30. Rec1 f6 31. Rc6 Qe7 32. Rbc1 Ra7 33. Qc3 Rf7 34. Qd3 Qb4 35. d6 cxd6 36. Rxd6 Qb2 37. Rc2 Qb4 38. Kh2 Rac7 39. Rd8+ Kh7 40. Rxc7 Rxc7 41. Qf3 Qe7 42. Qd3 Qe6 43. a3 Qc4 44. Qf3 Qe6 1/2-1/2

[Event "NOR-chT Clubs"]
[Site "Drammen"]
[Date "2010.10.09"]
[Round "3.82"]
[White "Eriksen, Geir Arne"]
[Black "Abrahamsen, Knut"]
[Result "1/2-1/2"]
[WhiteElo "1248"]
[BlackElo "1426"]
[PlyCount "41"]
[EventDate "2010.10.08"]
[EventType "team"]
[EventRounds "6"]
[EventCountry "NOR"]
[SourceTitle "EXT 2015"]
[Source "ChessBase"]
[SourceDate "2014.11.20"]
[SourceVersion "1"]
[SourceVersionDate "2014.11.20"]
[SourceQuality "1"]
[WhiteTeam "Fredriksstad"]
[BlackTeam "Nordstrand III"]
[WhiteTeamCountry "NOR"]
[BlackTeamCountry "NOR"]

1. d4 Nf6 2. c4 g6 3. Nc3 d5 4. e3 Bg7 5. Nf3 0-0 6. Be2 dxc4 7. Bxc4 c5 8. 0-0 cxd4 9. exd4 Bg4 10. Be3 Nc6 11. Be2 Nb4 12. a3 Nbd5 13. Ne5 Be6 14. Qd2 Nxe3 15. Qxe3 Qb6 16. b4 Rfd8 17. Rfd1 Nd5 18. Nxd5 Bxd5 19. Bf3 Bxe5 20. Bxd5 Bf6 21. Qf3 1/2-1/2